01765nam a2200349 u 450000100070000000500170000700700100002400800410003403500110007504000130008604100080009908200080010710000540011524501020016926000430027130000190031450000910033352003490042465000330077365000430080665000330084965000300088265000330091265000330094565000570097870000530103585600580108894200100114699900190115650001060117595201340128188222120260506152721.0co|||||||040715e20030202 spa  a882221 ccomduadb aspa 4a62110aCarvajal Gómez, Edwin Alberto4auteaut954055810aExploración para la viabilidad de los sistemas distribuidos de potencia en el Valle de Aburrá aMedellín :b[sin publicador],c2003. a124 páginas. aLocalización: Centro de Documentación CENDOI, 20 -146. Clasificación: ECG 01340.3 aEl objetivo de este trabajo es contribuir al conocimiento del potencial de integración de unidades de Generación Distribuida en el Valle de Aburrá, a través de un estudio de las diferentes tecnologías disponibles en el mercado y de la disponibilidad de una fuente primaria de energía en la región, particularmente del Gas Natural. aSistemas distribuidos921486 aMotores de combustión interna924705 aCeldas de combustible919470 7aGas natural2embne942010 aCombustibles gaseosos933438 aEnergía eléctrica910136 aEcopetrol (Empresa Colombiana de Petróleos)93884110aAmell Arrieta, Andrés Adolfo4drtedrt95444894 uhttps://bibliotecadigital.udea.edu.co/handle/10495/63 cTESIS c321604d321604 aTesis (Especialista en Combustibles Gaseosos). Universidad de Antioquia - Título del grado otorgado 001040708TESDIGBCaBCbBCd2004-07-15iC831403l0o621.3811 C331 CD-ROMp01065477r2023-04-25 00:00:00t1w2023-04-25yDIGITAL